[Event "Vale Paraibano-ch"]
[Site "Taubate"]
[Date "2019.05.04"]
[Round "2"]
[White "De Carvalho, Vinicius Fonseca El"]
[Black "Pereira, Fabio Costa Maglion"]
[Result "1-0"]
[WhiteElo "1389"]
[BlackElo "1800"]
[PlyCount "85"]
[EventDate "2019.05.04"]
[EventType "swiss"]
[EventRounds "5"]
[EventCountry "BRA"]
[SourceTitle "CBM 190 Extra"]
[Source "ChessBase"]
[SourceDate "2019.07.15"]
[SourceVersion "1"]
[SourceVersionDate "2019.07.15"]
[SourceQuality "1"]

1. e4 e5 2. Nf3 Nc6 3. Bc4 h6 4. Nc3 Nf6 5. d4 Bd6 6. d5 Na5 7. Bd3 0-0 8. 0-0 b6 9. a3 Nb7 10. Be3 Bc5 11. Bxc5 bxc5 12. Nxe5 d6 13. Nf3 Bg4 14. h3 Bc8 15. Ne2 Nh5 16. Nh2 Qg5 17. f4 Qe7 18. Nc3 Nd8 19. Qxh5 Rb8 20. Rab1 f6 21. Qg6 Qf7 22. Qxf7+ Nxf7 23. Nb5 Rb7 24. b4 cxb4 25. Rxb4 a6 26. Nd4 Ra7 27. Nc6 Ra8 28. Ne7+ Kh7 29. e5+ f5 30. exd6 Nxd6 31. Nxc8 Rfxc8 32. Nf3 c5 33. dxc6 Rxc6 34. Ne5 Rc5 35. g4 g6 36. Rb6 Ne4 37. Rb7+ Kg8 38. Nxg6 Rc3 39. gxf5 Nd2 40. Rf2 Nb1 41. Be4 Re8 42. Bd5+ Re6 43. Bxe6# 1-0

[Event "Mogi das Cruzes op 09"]
[Site "Mogi das Cruzes"]
[Date "2013.09.29"]
[Round "6"]
[White "Santos, Marcos Correia"]
[Black "De Carvalho, Vinicius Fonseca El"]
[Result "1-0"]
[WhiteElo "1812"]
[BlackElo "1402"]
[PlyCount "45"]
[EventDate "2013.09.26"]
[EventType "swiss"]
[EventRounds "7"]
[EventCountry "BRA"]
[SourceTitle "CBM 156 Extra"]
[Source "ChessBase"]
[SourceDate "2013.10.22"]
[SourceVersion "1"]
[SourceVersionDate "2013.10.22"]
[SourceQuality "1"]

1. e4 c5 2. Nc3 Nc6 3. f4 g6 4. Nf3 d6 5. Bc4 Bg7 6. 0-0 e6 7. d3 Nge7 8. a3 0-0 9. Qe1 Bd7 10. f5 exf5 11. Qh4 Nc8 12. Bg5 N8e7 13. Nd5 Kh8 14. Nxe7 Qe8 15. Nxc6 f6 16. Bh6 Bxc6 17. Bxg7+ Kxg7 18. Rae1 g5 19. Qg3 f4 20. Qf2 h6 21. d4 cxd4 22. Nxd4 Qe7 23. Nf5+ 1-0

[Event "Mogi das Cruzes op 09"]
[Site "Mogi das Cruzes"]
[Date "2013.09.27"]
[Round "2"]
[White "Hara, Aroldo Hiroiuqui"]
[Black "De Carvalho, Vinicius Fonseca El"]
[Result "1-0"]
[WhiteElo "1884"]
[BlackElo "1402"]
[PlyCount "71"]
[EventDate "2013.09.26"]
[EventType "swiss"]
[EventRounds "7"]
[EventCountry "BRA"]
[SourceTitle "CBM 156 Extra"]
[Source "ChessBase"]
[SourceDate "2013.10.22"]
[SourceVersion "1"]
[SourceVersionDate "2013.10.22"]
[SourceQuality "1"]

1. d4 Nf6 2. Nf3 g6 3. c4 c5 4. d5 e6 5. Nc3 exd5 6. cxd5 d6 7. Bg5 Bg7 8. e3 Bg4 9. Be2 Bxf3 10. Bxf3 0-0 11. 0-0 Nbd7 12. Re1 Qc7 13. Bf4 a6 14. a4 Nh5 15. Bxh5 gxh5 16. Qxh5 Nf6 17. Qf5 Kh8 18. Rac1 b6 19. b4 Rg8 20. bxc5 bxc5 21. e4 Ne8 22. Re3 Qa5 23. Rh3 Bh6 24. Rxh6 Rg7 25. Rh3 Rb8 26. Bh6 Rg6 27. Qxf7 Nf6 28. Bg5 Rxg5 29. Qxf6+ Rg7 30. Rg3 Rbg8 31. Rxg7 Rxg7 32. Rb1 Qc7 33. Ne2 Kg8 34. Nf4 Rf7 35. Qg5+ Rg7 36. Qxg7+ 1-0

[Event "Mogi das Cruzes op 08"]
[Site "Mogi das Cruzes"]
[Date "2013.08.17"]
[Round "4"]
[White "De Carvalho, Vinicius Fonseca El"]
[Black "Lima, Igor Cirineu De Bar"]
[Result "0-1"]
[WhiteElo "1691"]
[BlackElo "1648"]
[PlyCount "68"]
[EventDate "2013.08.16"]
[EventType "swiss"]
[EventRounds "6"]
[EventCountry "BRA"]
[SourceTitle "CBM 155 Extra"]
[Source "ChessBase"]
[SourceDate "2013.08.26"]
[SourceVersion "1"]
[SourceVersionDate "2013.08.26"]
[SourceQuality "1"]

1. e4 e5 2. Nf3 Nc6 3. Bc4 Nf6 4. Nc3 Bc5 5. d3 0-0 6. Bg5 h6 7. Bxf6 Qxf6 8. 0-0 Na5 9. Nd5 Qd6 10. b4 Bxb4 11. c3 Nxc4 12. Nxb4 Nb6 13. d4 exd4 14. Qxd4 Qe7 15. Nd5 Qd8 16. Nd2 d6 17. f4 Bd7 18. f5 Nxd5 19. exd5 f6 20. Qg4 c6 21. Rf3 Qe7 22. Qe4 Qxe4 23. Nxe4 cxd5 24. Nxd6 Bc6 25. a4 a6 26. c4 Rfd8 27. Nxb7 Bxb7 28. cxd5 Bxd5 29. Rg3 Rd7 30. Rf1 Rad8 31. h3 Bc4 32. Rf4 Rd4 33. Rf2 Rd3 34. Rg4 R8d4 0-1

[Event "Mogi das Cruzes op 08"]
[Site "Mogi das Cruzes"]
[Date "2013.08.17"]
[Round "3"]
[White "De Carvalho, Vinicius Fonseca El"]
[Black "Tamarozi, Isabelle"]
[Result "0-1"]
[WhiteElo "1691"]
[BlackElo "1726"]
[PlyCount "50"]
[EventDate "2013.08.16"]
[EventType "swiss"]
[EventRounds "6"]
[EventCountry "BRA"]
[SourceTitle "CBM 155 Extra"]
[Source "ChessBase"]
[SourceDate "2013.08.26"]
[SourceVersion "1"]
[SourceVersionDate "2013.08.26"]
[SourceQuality "1"]

1. e4 c5 2. Nf3 d6 3. d4 cxd4 4. Nxd4 Nf6 5. Nc3 g6 6. f3 Bg7 7. Be3 0-0 8. Qd2 Nc6 9. 0-0-0 Nxd4 10. Bxd4 Be6 11. Kb1 Qc7 12. h4 Rfc8 13. Bd3 Qa5 14. a3 Rab8 15. Qe2 b5 16. Bxb5 a6 17. Ba4 Rxc3 18. Bxc3 Qxc3 19. Bb3 Qe5 20. f4 Qxf4 21. e5 Ne4 22. Rhe1 Qxe5 23. c3 Rxb3 24. Qxe4 Bf5 25. Rd4 Bxe4+ 0-1

[Event "Sao Bernardo do Campo op"]
[Site "Sao Bernardo do Campo"]
[Date "2013.05.25"]
[Round "4"]
[White "Penha, Evelyn Maximiano"]
[Black "De Carvalho, Vinicius Fonseca El"]
[Result "1/2-1/2"]
[WhiteElo "1685"]
[BlackElo "1691"]
[PlyCount "50"]
[EventDate "2013.05.24"]
[EventType "swiss"]
[EventRounds "6"]
[EventCountry "BRA"]
[SourceTitle "CBM 154 Extra"]
[Source "ChessBase"]
[SourceDate "2013.06.25"]
[SourceVersion "2"]
[SourceVersionDate "2013.06.25"]
[SourceQuality "1"]

1. e4 c5 2. Nf3 Nc6 3. d4 cxd4 4. Nxd4 e5 5. Nb3 Bb4+ 6. Bd2 Bxd2+ 7. Qxd2 Nf6 8. Nc3 b6 9. 0-0-0 0-0 10. f3 Qc7 11. Nb5 Qb7 12. Nd6 Qc7 13. Nb5 Qb7 14. Qd6 Ne8 15. Qd2 Nc7 16. Nd6 Qb8 17. Qg5 Ne6 18. Qg3 Bb7 19. Nf5 g6 20. Rxd7 Qc8 21. Rd2 Qc7 22. a3 Rac8 23. Nh6+ Kh8 24. Kb1 Ned4 25. Nxd4 Nxd4 1/2-1/2

[Event "Mogi das Cruzes op 08"]
[Site "Mogi das Cruzes"]
[Date "2012.09.02"]
[Round "5"]
[White "Francelli, Derli"]
[Black "De Carvalho, Vinicius Fonseca El"]
[Result "1-0"]
[WhiteElo "1644"]
[BlackElo "1800"]
[PlyCount "83"]
[EventDate "2012.08.31"]
[EventType "swiss"]
[EventRounds "6"]
[EventCountry "BRA"]
[SourceTitle "CBM 150 Extra"]
[Source "ChessBase"]
[SourceDate "2012.10.19"]
[SourceVersion "1"]
[SourceVersionDate "2012.10.19"]
[SourceQuality "1"]

1. d4 Nf6 2. c4 c5 3. d5 e6 4. Nc3 exd5 5. cxd5 d6 6. e4 Be7 7. Bd3 0-0 8. Nf3 Bg4 9. 0-0 Nbd7 10. h3 Bxf3 11. Qxf3 Ne5 12. Qe2 Qd7 13. Bb5 Qc7 14. f4 Ned7 15. Kh1 a6 16. Ba4 b5 17. Bc2 c4 18. a3 Nc5 19. Be3 h6 20. Bd4 Rac8 21. e5 dxe5 22. fxe5 Ne8 23. d6 Nxd6 24. exd6 Bxd6 25. Qg4 Ne6 26. Be3 Ng5 27. h4 Ne6 28. Bxh6 Rfe8 29. Bd2 Be5 30. Qh5 g6 31. Qg4 Nd4 32. Nd5 Qd6 33. Be4 Re6 34. Bb4 Qd7 35. Rf6 Rd8 36. Rxe6 Nxe6 37. Rd1 Qe8 38. Rf1 Nd4 39. h5 Qd7 40. Ne7+ Kg7 41. h6+ Kh7 42. Rxf7+ 1-0